000 00323nam a2200145Ia 4500
008 150201s2001 xx 000 0 und d
082 _a150
_bP01B
100 _aBARON , ROBERT A.
245 _aPSYCHOLOGY
250 _a5TH
260 _bPRENTIC HALL
_c2001
300 _a700
650 _aPSYCHOLOGY
942 _2ddc
_cBK
_018
999 _c1909
_d1909